1029 1451 1201 1967 1138 1778 1661 1269 1548 1139 1260 1073 1036 1434 1825 1083 1482 1701 1979 1068 1924 1136 1416 1877 1931 1558 1289 1503 1221 1531 1532 1901 1148 1698 1268 1245 1613 1778 1788 1994 1669 1909 1182 1284 1349 1449 1429 1894 1952 1705 1358 1412 1332 2000 1843 1837 1544 1470 1158 1129 1568 1387 1930 1574 1873 1100 1230 1201 1703 1681 1193 1057 1264 1463 1282 1930 1172 1847 1597 1982 1701 1700 1595 1492 1102 1843 1692 1032 1428 1378 1088 1560 1623 1362 1829 1690 1426 1459 1291 BCNSPRNW ULIB Ver.6.0+V

เปลี่ยนเป็นภาษาไทย

Change to English
 แสดงรายละเอียดบรรณานุกรม
  กลับหน้าหลัก

Brief Record : Get Marc (ISO 2709) : E-mail record : QR code < ปิดหน้าต่าง
LEADER : 00000nam 2200000uu 4500
001    13399120607
003     ULIB
008    120928s2549||||th 000 0 tha d
020    ^a9749565843
060 04 ^aWY152^bท364พ 2549
100 0  ^aทัศนีย์ ทองประทีป
245 10 ^aพยาบาล :^bเพื่อนร่วมทุกข์ผู้ป่วยระยะสุดท้าย = Nurse :being with the dying /^cทัศนีย์ ทองประทีป
246 31 ^aNurse :^bbeing with the dying
250    ^aพิมพ์ครั้งที่ 1
260    ^aกรุงเทพฯ :^bสำนักพิมพ์แห่งจุฬาลงกรณ์มหาวิทยาลัย,^c2549
300    ^a154 หน้า
650  7 ^aจรรยาบรรณพยาบาล
650  7 ^aผู้ป่วยใกล้ตาย^xการดูแล
650  7 ^aผู้ป่วยหนัก^xการดูแล
650  7 ^aพยาบาล
945    ^p180^l0^i14303
945    ^p180^l0^i24840
995    ^aวิภา
999 ^a ใช้งานได้ทุกระบบ
รายการนี้ยังไม่มีแท็ก
คุณยังไม่ได้ล็อกอิน คุณสามารถมีกิจกรรมร่วมกับเว็บไซต์ได้ แต่ต้องล็อกอินก่อน ::
  ล็อกอิน

รายการสื่อสารสนเทศ

ลำดับที่ ประเภท เลขเรียก/บาร์โค้ด สถานที่ สถานะ
1. Book การพยาบาล
Book การพยาบาล
สถานะ=หนังสือเก่า
WY152 ท364พ 2549  
  Barcode: 14303
ห้องสมุดวิทยาเขตนครสวรรค์
►หนังสือทั่วไป:l:General Books
บนชั้น
2. Book การพยาบาล
Book การพยาบาล
สถานะ=หนังสือเก่า
WY152 ท364พ 2549 ฉ.2 
  Barcode: 24840
ห้องสมุดวิทยาเขตนครสวรรค์
►หนังสือทั่วไป:l:General Books
บนชั้น

รายการใกล้เคียง
    ผู้แต่ง [ทัศนีย์ ทองประทีป]

    หัวเรื่อง [จรรยาบรรณพยาบาล]
    หัวเรื่อง [พยาบาล]

BibComment


ยังไม่เคยถูกคอมเมนท์

คอมเมนท์ทรัพยากรรายการนี้
  คอมเมนท์: พยาบาล เพื่อนร่..


 Copyright 2026. Bcnsprnw @Library